Get the Picture: Actors of Australia and New Zealand Quiz Stats

 Plays Quiz Updated Jul 27, 2019

Score 0/16 Timer 04:00
2 Plays Today
Question Answer Wrong Answers
Hugh Jackman Australia
92.7%
New Zealand
2.8%
Heath Ledger Australia
91.5%
New Zealand
4.3%
Cate Blanchett Australia
89.7%
New Zealand
5.8%
Chris Hemsworth Australia
89.4%
New Zealand
6.3%
Taika Waititi New Zealand
88.5%
Australia
7.1%
Margot Robbie Australia
84.3%
New Zealand
11.5%
Temuera Morrison New Zealand
82.1%
Australia
13.8%
Geoffrey Rush Australia
80.9%
New Zealand
14.9%
Toni Collette Australia
76%
New Zealand
19.6%
Errol Flynn Australia
71.9%
New Zealand
23.9%
Jemaine Clement New Zealand
71.5%
Australia
24.2%
Rhys Darby New Zealand
67.2%
Australia
27.9%
Cliff Curtis New Zealand
63.6%
Australia
32%
Melanie Lynskey New Zealand
63.4%
Australia
32.2%
Rose McIver New Zealand
56.2%
Australia
39.1%
Lucy Lawless New Zealand
55.8%
Australia
40.1%

Today's Daily Dose

Word Ladder
Lean on Me

Get the Picture
Superhero by Villain

You're not logged in!

Compare scores with friends on all Sporcle quizzes.
OR
Log In

Sporcle TV

Today on Sporcle TV


Watch our educational content, quiz creation guides, and fun videos on Sporcle TV.

Show Comments

Extras

Top Quizzes Today


Score Distribution

Your Account Isn't Verified!

In order to create a playlist on Sporcle, you need to verify the email address you used during registration. Go to your Sporcle Settings to finish the process.

Report this User

Report this user for behavior that violates our Community Guidelines.

Details: